| 000 | 00586nam a22001817a 4500 | ||
|---|---|---|---|
| 003 | NUST | ||
| 005 | 20240627154403.0 | ||
| 008 | 191021b ||||| |||| 00| 0 eng d | ||
| 038 | _aNusrat Nadeem | ||
| 082 | _a200 | ||
| 100 |
_a Zafar Sadia _924497 |
||
| 245 |
_aMolecular Modeling Strategies to Design Novel Inhibitors of GAT1/ _cSadia Zafar |
||
| 260 |
_aIslamabad; _bRCMS NUST; _c2019. |
||
| 600 |
_xPhD- Computation Science & Engineering _9123869 |
||
| 700 | _4Supervisor:Dr. Ishrat Jabeen | ||
| 856 | _u http://10.250.8.41:8080/xmlui/handle/123456789/27804 | ||
| 942 |
_2ddc _cSC |
||
| 999 |
_c531601 _d531601 |
||